Injection moulding machines /

Na minha lista:
Detalhes bibliográficos
Autor principal: Whelan, A (Author)
Formato: Livro
Idioma:inglês
Publicado em: London : Elsevier, 1984
Tags: Adicionar Tag
Sem tags, seja o primeiro a adicionar uma tag!

MARC

LEADER 00000nam a22000003a 4500
001 stu28958
005 20150617225738.6
008 950519s1984----uk------------------eng-d
020 |a 0-85334-245-8 
040 |a STU  |b slo 
041 0 |a eng 
044 |a uk 
080 |a 678.4 
100 1 |a Whelan, A  |4 aut 
245 1 |a Injection moulding machines /  |c [aut]Whelan,A 
260 |a London :  |b Elsevier,  |c 1984 
300 |a 9,487 s 
996 |b 284V027910  |c V*43363/O-18764  |l VVT  |s A  |a 24  |w stu28958_0001